LEADER 00989nam a2200241 u 4500 001 000000086576 003 CaOOAMICUS 005 20070226124320.0 008 051003s1942 it af u000 u ita u 035 $a11061132 040 $aPUL(R)$bita 100 1 $aFlora, Francesco,$d1891-1932.$0(OLS)http://pul/name/10054 245 10$aStoria della letteratura italiana /$cF. Flora e L. Nicastro. 260 $aVerona :$bMondadori,$c1942. 300 $av. < 3> :$bill., tav. ;$c24 cm 505 1 $av. 3 L'Ottocento e il Novecento. 650 4$aLetteratura italiana$xStoria.$0(OLS)http://pul/subject/9742 700 1 $aNicastro, Luciano.$0(OLS)http://pul/name/56617 850 $aPUL 852 $aPUL$W1$xDP1 Fondo Cecchetti$y53$m294 G 23$j109918$nBK-PRI$b $qFondi$B109918$CPULBib$Z2$F109918 $HPUL3804 $81 941 1 $a1 996 $6245$aStoria della letteratura italiana$9(OLS)http://pul/title/20763 996 $6260$aVerona :$bMondadori$9(OLS)http://pul/publisher/48279 LEADER 01199nam a2200265 a 4500 001 000000165263 003 CaOOAMICUS 005 20180124154645.0 008 180124s1998 it m u001 u fre d 032 $aLibriCat 040 $aPUL$bita 100 1 $aLonah, Clément.$0(OLS)http://pul/name/106433 245 13$aLa croix accomplissement de la révélation chez von Balthasar / $cClément Lonah. 260 $aRoma :$b[s.n.],$c1998. 300 $axi, 164 p. ; $c24 cm. 502 $aEstratto da Tesi-- Pontificia Università Urbaniana, Facoltà di Teologia.1998. 504 $aBibliografia in nota a piè pagina. 600 14$aBalthasar, Hans Urs von,$ccard.,$d1905-1988.$0(OLS)http://pul/subject/4491 710 2 $aPontificia Università Urbaniana.$bFacoltà di teologia$kTesi.$0(OLS)http://pul/name/81495 850 $aPUL 852 $aPUL$W1$xDP1 Tesi Pon. Univ. Urbaniana$y49$mTH URB 497$j189553$qTesi$B192592$CPULBib$Z2$F192592 $H78710 $81 941 1 $a16 996 $6245$aLa croix accomplissement de la révélation chez von Balthasar / $9(OLS)http://pul/title/204951 996 $6260$aRoma :$b[s.n.]$9(OLS)http://pul/publisher/47958